| 000 | 00405cam a2200169ua 4500 | ||
|---|---|---|---|
| 020 | _c1.50 | ||
| 041 |
_amal _h |
||
| 082 |
_a894.812308 _bSAR/PI |
||
| 100 | _aSarathchandra, Chatterjee . | ||
| 245 |
_aPiyari / _cSarathchandra Chatterjee. _hTextual Documents |
||
| 260 |
_a : _bK Narayanan , _c1960. |
||
| 300 | _a142 ; . | ||
| 365 | _a1.50 | ||
| 504 | _a | ||
| 942 | _cBK | ||
| 999 |
_c5005 _d5005 |
||